MARC

LEADER 00000nam0a2200000 4500
001 360966
005 20231102011336.0
035 |a (RuTPU)RU\TPU\retro\18292 
090 |a 360966 
100 |a 20210520d1980 km y0rusy50 ca 
101 1 |a rus  |c eng 
102 |a RU 
105 |a a z 001zy 
200 1 |a Матричные методы строительной механики  |e пер. с англ.  |f Р. Ливсли  |g пер. В. И. Прокопьева ; под ред. А. М. Проценко 
210 |a Москва  |c Стройиздат  |d 1980 
215 |a 222 с.  |c ил. 
320 |a Библиогр.: с. 218-219 
606 1 |a Строительная механика  |x Математические методы  |2 stltpush  |3 (RuTPU)RU\TPU\subj\57241  |9 75103 
610 1 |a переменные 
610 1 |a зависимости 
610 1 |a упругие свойства 
610 1 |a пространственные элементы 
610 1 |a метод перемещений 
610 1 |a метод сил 
610 1 |a нелинейные конструкции 
610 1 |a передаточные матрицы 
610 1 |a размерность 
610 1 |a точность 
610 1 |a векторы 
675 |a 624.04:51  |v 4 
700 1 |a Ливсли  |b Р. 
702 1 |a Прокопьев  |b В. И.  |4 730 
702 1 |a Проценко  |b А. М.  |4 340 
801 1 |a RU  |b 63413507  |c 20210520 
942 |c BK